000
00251nam a2200097Ia 4500
082
_a
EF OMOT
245
0
_a
Bom boy
100
_a
Omotoso, Yewande Athlone, South Africa, 2011
_9
53918
942
_c
BK
008
210817s9999 xx 000 0 und d
999
_c
170851
_d
170848